From Edge to Core : Perspective on Internet Prioritization.

Bibliographic Details
Format: Government Document eBook
Language:English
Published: Bethesda, Md. : ProQuest, 2018.
Subjects:
Online Access:electronic resource (pdf)

MARC

Tag First Indicator Second Indicator Subfields
LEADER 00000cam a22000001i 4500
001 in00004153813
005 20200117101203.0
006 m d f
007 cr bn mmmapmmp
008 190109s2018 mdu o f000 0 eng d
024 8 |a hrghrg2018hec186133 
024 8 |a chdc20180830 
035 |a chdc20180830 
040 |a UMI  |c UMI  |e rda  |d UtOrBLW 
086 0 |a Y4.C73/8:115-120 
110 1 |a United States.  |b Congress.  |b House.  |b Committee on Energy and Commerce.  |b Subcommittee on Communications and Technology,  |e issuing body.  |0 http://id.loc.gov/authorities/names/no2011127063 
245 1 0 |a From Edge to Core :  |b Perspective on Internet Prioritization. 
264 1 |a Bethesda, Md. :  |b ProQuest,  |c 2018. 
300 |a 188 pages, digital, PDF file. 
336 |a text  |2 rdacontent  |b txt 
337 |a computer  |b c  |2 rdamedia 
338 |a online resource  |2 rdacarrier  |b cr 
500 |a Record is based on bibliographic data in ProQuest U.S. Congressional Hearings Digital Collection. Reuse except for individual research requires license from ProQuest, LLC. 
500 |a "Apr. 17, 2018." 
500 |a Committee on Energy and Commerce Serial Number 115-120. 
538 |a System requirements: PDF reader software. 
533 |a Electronic reproduction.  |b [Bethesda, Md.] :  |c ProQuest,  |d 2018.  |e digital, PDF file.  |n ProQuest Congressional Hearings Digital Collection.  |n Mode of access: World Wide Web via ProQuest website. 
610 1 0 |a United States.  |b Federal Communications Commission.  |0 http://id.loc.gov/authorities/names/n80051251 
776 0 8 |a United States. Congress. House. Committee on Energy and Commerce. Subcommittee on Communications and Technology.  |t From Edge to Core  |o CIS 2018 H361-186133 
856 4 0 |u http://proxy.library.tamu.edu/login?url=http://congressional.proquest.com/congcomp/getdoc?hearing-id=hrg-2018-hec-186133  |y electronic resource (pdf)  |z cis 2018 h361-186133  |t 0 
999 f f |s 204694de-deff-3404-8a73-9c8a100b5a9e  |i e0133051-7f01-32eb-97cc-81f4380ed918  |t 0 
952 f f |a Texas A&M University  |b College Station  |c Electronic Resources  |d Available Online  |t 0  |e Y4.C73/8:115-120  |h Superintendent of Documents classification 
998 f f |a Y4.C73/8:115-120  |t 0  |l Available Online